00620nam a22001697a 4500003000900000008004100009040007100050082001800121100002000139245007200159260006900231300002600300505007400326650001300400650001900413650001800432AR-CdUCM190509b ||||| |||| 00| 0 spa d aMUNICIPALIDAD PROVINCIAL DEL CUSCOcBIBLIOTECA MUNICIPAL DEL CUSCO a338.54 /bG82 aGrove, David L. aLas fluctuaciones económicas en Estados Unidos y America Latina / aMexico :bCentro de estudios monetarios latinoamericanos,c1959. a158 paginas ;c21 cm. aContenido: Todo acerca de la economia norteamericana y america latina aEconomia aEstados Unidos aLatinoamerica